Messages Codés - Statistiques

Statistiques générales
  • Ce quiz a été pris 74 fois
  • Le résultat moyen est 5 sur 10
Statistiques - réponses
Message Codé Méthode de Chiffrement Réponse % Correct
Écriture en miroir Roger Federer
76%
🥇🧑‍🚀🥾🌕 Émoticônes Neil Armstrong
68%
Rébus (Quille-Joue-Dent-Lait-Loup-Lac-Cuisse => Qui joue dans l'Aile ou la Cuisse?) Louis de Funès | Coluche
59%
Q st l'tr d lvr Ls Msrbls? Message sans les voyelles (Qui est l'auteur du livre Les Misérables?) Victor Hugo
55%
Ptdk lzllhedqd bntqs kd oktr uhsd? Code César Guépard
52%
17 21 5 12 10 15 21 5 21 18 4 5 6 15 15 20 2 1 12 12 5 19 20 19 21 18 14 15 13 13 5 3 18 7 ? Alphabet Numéroté (A=1, B=2, etc.) Cristiano Ronaldo
45%
⠟ ⠥ ⠊ ⠑ ⠎ ⠞ ⠇ ⠑ ⠏ ⠗ ⠿ ⠎ ⠊ ⠙ ⠑ ⠝ ⠞ ⠙ ⠑ ⠎ ⠿ ⠞ ⠁ ⠞ ⠎ ⠤ ⠥ ⠝ ⠊ ⠎ ⠢ Braille Donald Trump
35%
.--. .-.. ..- ... --. .-. .- -. -.. .--. .- -.-- ... Code Morse international Russie
30%
10100 x 1011010 = ? Code Binaire 1800
21%
Kclf unxp fga xrrxkmims jbrm vsffivf pt feuzs, cn ptbxmw cl rrvhvw do ibunxxlw ? Clé de chiffrement : Sornettes Chiffrement de Vigenère Salade
17%
Aucun quiz correspondant
Distribution des résultats
% des personnes avec chaque résultat
Percentile par nombre de réponses
Votre historique - résultats
Vous n’avez pas pris ce quiz